000 01016nas a2200301 4500
001 BR2012001331
003 BR-BrBNA
005 20231205120308.0
007 ta
008 230509b bl.|||p| |||| 00| 00por d
040 _aBR-BrBNA
_bpor
_cBiblioteca Nacional de Agricultura
041 _a(Pt)
072 _aP10; E16; U10
100 1 _aTavares, B.S.
100 1 _aBorges Júnior, J.C.F.
100 1 _aCorrêa, M.M.
100 1 _aLima, J.R.S.
100 1 _aDantas Neto, J.
245 1 _aAnálise de risco e otimização de recursos hídricos e retorno financeiro em nível de fazenda
650 _aMODELO ECONOMÉTRICO
650 _aRENDIMENTO
650 _aPROGRAMAÇÃO LINEAR
650 _aTECNOLOGIA DA INFORMAÇÃO
773 0 _tRevista Brasileira de Engenharia Agrícola e Ambiental (Brazil)
_xISSN 1807-1929
_g(Apr 2011), v.15(4) p. 338-346
_wBR2012001331
856 4 0 _uhttp://www.scielo.br/pdf/rbeaa/v15n4/v15n04a02.pdf
909 _a202311
_bLúcia
_c55
_dLúcia Elande
942 _2AGRIS
_n0
_cANA
999 _c217804
_d217804